000 00512nam a2200193Ia 4500
003 OSt
005 20260406160232.0
008 210210b2002 xxu||||| |||| 00| 0 eng d
040 _cAL
041 _aHindi
082 _aH891.4 GAVG
100 _aGAUTHAM (Ramesh).
_dगौतम (रमेश)
_9260354
245 _aGadya-saurabh.
_b गद्य-सौरभ
260 _aNayi Dilli.
_bKitabghar Prakashan.,
_c2002
300 _a79
690 _aHindi Prose
_9260355
906 _a057506
942 _2ddc
_cBK
999 _c104816
_d104816